| 000 | 00804nab a2200241u 4500 | ||
|---|---|---|---|
| 001 | 08149 | ||
| 003 | HDC | ||
| 007 | c| |||a|c|aaaa | ||
| 008 | 210129b20170803my ||||| |||| 00| 0 may d | ||
| 040 | _aHDC | ||
| 100 |
_aMahanum Abdul Aziz _eauthor _98098 |
||
| 245 | 0 |
_aEksport peralatan perubatan dijangka cecah RM17.74b / _cMahanum Abdul Aziz |
|
| 336 |
_atext _2rdacontent |
||
| 337 |
_acomputer _2rdamedia |
||
| 338 |
_aonline resource _2rdacarrier |
||
| 650 |
_aMedical equipment exports _98661 |
||
| 650 |
_aMedical products _98248 |
||
| 710 | _aBerita Harian | ||
| 856 | _zRequest full-text at [email protected] | ||
| 942 | _2lcc | ||
| 942 | _cNEWS | ||
| 942 | _kNWSC 001485 | ||
| 999 |
_c5472 _d5472 |
||